Construction law / (Registro nro. 173270)

Detalles MARC
000 -LEADER
fixed length control field 01976cam a22003854i 4500
001 - CONTROL NUMBER
control field 2008052873
006 - FIXED-LENGTH DATA ELEMENTS--ADDITIONAL MATERIAL CHARACTERISTICS--GENERAL INFORMATION
fixed length control field m o d
007 - PHYSICAL DESCRIPTION FIXED FIELD--GENERAL INFORMATION
fixed length control field cr un ---uuuua
008 - FIXED-LENGTH DATA ELEMENTS--GENERAL INFORMATION
fixed length control field 081205s2009 ilua ob 001 0 eng d
010 ## - LIBRARY OF CONGRESS CONTROL NUMBER
LC control number 2008052873
020 ## - INTERNATIONAL STANDARD BOOK NUMBER
International Standard Book Number 9781604423235 (hbk.)
020 ## - INTERNATIONAL STANDARD BOOK NUMBER
International Standard Book Number 1604423234 (hbk.)
035 ## -
-- 40486
040 ## - CATALOGING SOURCE
Original cataloging agency UtOrBLW
Language of cataloging eng
Description conventions rda
Transcribing agency UtOrBLW
042 ## -
-- pcc
043 ## -
-- n-us---
050 00 -
-- KF1950
-- .C658 2009
082 00 -
-- 343.73/078624
-- 22
245 00 - TITLE STATEMENT
Title Construction law /
Statement of responsibility, etc edited by William Allensworth ... [et al.].
264 #1 -
-- Chicago :
-- Forum on the Construction Industry, American Bar Association,
-- [2009]
264 #4 -
-- ©2009
300 ## - PHYSICAL DESCRIPTION
Extent 1 online resource (xxx, 752 pages) :
Other physical details illustrations
336 ## -
-- text
-- txt
-- rdacontent
337 ## -
-- computer
-- c
-- rdamedia
338 ## -
-- online resource
-- cr
-- rdacarrier
504 ## - BIBLIOGRAPHY, ETC. NOTE
Bibliography, etc Includes bibliographical references and index.
505 0# - FORMATTED CONTENTS NOTE
Formatted contents note Construction law : the historical perspective -- Participants in the design and construction process -- The owner's role -- Project delivery systems -- Contracting for construction projects -- The design undertaking -- Design agreements -- Contractor selection -- Pricing construction contracts -- Subcontractors and suppliers -- Contract time and completion -- Construction scheduling -- Architect's contract administration -- Payment -- Construction safety -- Changes -- Differing site conditions -- Termination and default -- Mechanic's liens -- Insurance and bonds -- Dispute resolution processes -- Defective construction -- The economic loss rule in construction law -- Damages.
650 #0 - SUBJECT ADDED ENTRY--TOPICAL TERM
Topical term or geographic name as entry element Construction industry
General subdivision Law and legislation
Geographic subdivision United States.
650 #0 - SUBJECT ADDED ENTRY--TOPICAL TERM
Topical term or geographic name as entry element Construction contracts
Geographic subdivision United States.
700 1# - ADDED ENTRY--PERSONAL NAME
Personal name Allensworth, William.
710 2# - ADDED ENTRY--CORPORATE NAME
Corporate name or jurisdiction name as entry element American Bar Association.
Subordinate unit Forum on the Construction Industry.
856 40 - LOCALIZACIÓN Y ACCESO ELECTRÓNICO
Identificador Uniforme del Recurso (URI/URL) https://app.vlex.com/#/sources/40486
942 ## -
-- RAA
999 ## -
-- 173270
-- 173270

No hay ítems disponibles.


CONTACTO


NOSOTROS


SITIOS DE INTERES

coordinacion.biblioteca.biblioteca@unienlinea.mx Misión, Visión y Objetivos Bases de datos
Directorio Bibliotecas Digitales y Repositorios
Normatividad Revistas y artículos
Convenios interbibliotecarios
Boletines



Hecho en México. Universidad Insurgentes (UIN). Todos los derechos reservados 2024. Esta página y sus contenidos pueden ser reproducidos con fines no lucrativos, siempre y cuando no se mutile, se cite la fuente completa y su dirección electrónicas. De otra forma requiere permiso previo por escrito de la institución




2024 Copyright Universidad Insurgentes | www.bibliouin.com.mx